00449nam a2200121Ia 4500008004100000245013600041260004500177260000900222300000900231500001100240650001300251856006300264170516s9999 xx 000 0 und d aPreface: Special issue for the "Future Manufacturing and Innovative" Guest Edited by Jukka Rantanen, Mingshi Yang & Paul W. S. Heng bAsian Journal of Pharmaceutical Sciences c2016 a11:4 aAugust xPharmacy uhttp://www.sciencedirect.com/science/journal/18180876/11/4